Open Data Biblioteca Nacional de Portugal


República Portuguesa: Ministério da Cultura
Biblioteca Nacional de Portugal

Catálogo da BNP: acesso por Identificadores Unívocos
Registos Bibliográficos associados ao registo de autoridade

Etiqueta de registo: 00000nam 2200025 450
001 2283913
003 http://id.bnportugal.gov.pt/bib/catbnp/2283913
100 ## $a20260408d2025 k y0pory01030103ba
101 0# $apor$deng
102 ## $aPT
105 ## $aa m 000yy
106 ## $ar
200 1# $a As relações entre as mães e filhos com dificiência$esistemas, agentes e processos de enfrentamento das adversidades$fKleber Peixoto de Souza$gorient. Susana Margarida G. Caires Fernandes, Susana Couto Pimentel
210 #9 $a[S.l.$cs.n.],$d2025
215 ## $aXIII, 334, [8] p.$cil.$d30 cm
328 #1 $aTese dout. Ciências da Educação (Psicologia da Educação), Instituto de Educação, Universidade do Minho, 2025
675 ## $a37.015(81)(043)$vBN$zpor$31494370
675 ## $a316.47-055.5/.6-056.2(81)(043)$vBN$zpor$31998854
700 #1 $aSouza,$bKleber Peixoto de$31995065
702 #1 $aPimentel,$bSusana Couto$4727$31995064
702 #1 $aFernandes,$bSusana Margarida Gonçalves Caires,$f1972-$4727$31007940
801 #0 $aPT$bBN$gRPC
966 ## $lBN$mFGMON$sS.C. 169164 V.$x1
971 ## $ccsilva$d20260408
972 ## $e0$z0$d20260522$vlrevez
973 ## $csteixeira$d20260520

OpendataBNP@bnportugal.pt | Mais informação sobre acesso aos dados BNP